000 00377nam a2200145Ia 4500
008 210210b1983 xxu||||| |||| 00| 0 eng d
082 _a530.12 DANP
100 _aDANIN (D).
245 _aProbabilities of the quantum world.
260 _aMoscow
_bMir Publishers
_c1983
300 _a272
650 _aQuantum Probabilities
690 _aQuantum Mechanics
906 _aSG01963
999 _c113431
_d113431